LEADER 01327nam a2200277 4500 001 000000359094 003 CaOOAMICUS 005 20240725112534.0 008 240725s2021 it 000 u ita r 020 $a978-88-343-4590-0 040 $aSeMil$bita 245 00$aOasi di fraternità :$bnuove esperienze di vita comune giovanile /$ca cura di Paola Bignardi, Fabio Introini, Cristina Pasqualini. 264 1$aMilano :$bVita e Pensiero,$c2021. 300 $a314 p. ;$c22 cm 650 4$aPastorale giovanile - Sec. 21.$0(OLS)http://semarc/subject/53381 650 4$aGiovani - Vita religiosa.$0(OLS)http://semarc/subject/56040 650 4$aGiovani e religione - Analisi sociologica.$0(OLS)http://semarc/subject/56041 700 1 $aBignardi, Paola,$d<1949- >.$0(OLS)http://semarc/name/92111 700 1 $aPasqualni, Cristina.$0(OLS)http://semarc/name/108342 700 1 $aIntroini, Fabio.$0(OLS)http://semarc/name/91839 850 $aSeMil 852 $aSeMil$W1$xVenegono$y1$m2F IV 14$j249610$B250142$CSeMilBibl$Z2$F250142 $81 996 $6020$a978-88-343-4590-0$9(OLS)http://semarc/number/300833 996 $6245$aOasi di fraternità :$bnuove esperienze di vita comune giovanile$9(OLS)http://semarc/title/449515 996 $6264$aMilano :$bVita e Pensiero$9(OLS)http://semarc/publisher/29642 LEADER 00641nam a2200181 i 4500 001 000000205679 003 CaOOAMICUS 005 20110829000000.0 008 110829s1843 it u000 u ita u 013 $a184417 040 $aSeMil$bita 100 1 $aTommaseo, Niccolò,$d<1802-1874>.$0(OLS)http://semarc/name/454 245 10$aParte 2. 300 $a484 p. 773 0 $aTommaseo, Niccolò <1802-1874>$tStudi critici.$dVenezia : coi tipi di Giorgio A. Andruzzi, 1843.$g2$w()25380 850 $aSeMil 852 $aSeMil$W1$xVenegono$y1$m1P I 42 FA$j156173$B156173$CSeMilBibl$Z2$F167528 $8I 996 $6245$aParte 2$9(OLS)http://semarc/title/108333 LEADER 01524nam a2200313 i 4500 001 000000095373 003 CaOOAMICUS 005 20100805000000.0 008 100805s2002 it u000 u ita u 013 $a67615 020 $a88-7640-565-8 040 $aSeMil$bita 100 1 $aDiana, Massimo,$d<1961- >.$0(OLS)http://semarc/name/36483 245 10$aAngoscia e libertà :$bpsicologia del profondo e religione nell'opera di Eugen Drewermann /$cMassimo Diana ; Introduzione di Mario Aletti. 260 $aTorino :$bCentro scientifico editore,$c2002. 300 $aXXII, 404 p. ;$c21 cm. 490 0 $aCollana di psicologia della religione 500 $aContiene : Bibliografia. 650 4$aReligione - Psicologia.$0(OLS)http://semarc/subject/515 650 4$aDrewermann, Eugen <1940- >.$0(OLS)http://semarc/subject/7529 650 4$aPsicologia del profondo.$0(OLS)http://semarc/subject/10905 700 1 $aAletti, Mario,$d<1946- >.$0(OLS)http://semarc/name/3922 830 0$aCollana di psicologia della religione.$0(OLS)http://semarc/title/10174 850 $aSeMil 852 $aSeMil$W1$xVenegono$y1$m2O III 357$j56005$B56005$CSeMilBibl$Z2$F62974 $81 961 $aAcquisto: IBS - Internet Bookshop Italia 996 $6020$a88-7640-565-8$9(OLS)http://semarc/number/53463 996 $6245$aAngoscia e libertà :$bpsicologia del profondo e religione nell'opera di Eugen Drewermann$9(OLS)http://semarc/title/119215 996 $6260$aTorino :$bCentro scientifico editore$9(OLS)http://semarc/publisher/32080